000 00658cab a2200241 4500
001 ABS53150
008 090401t1995 xxu||||| |||| 00| 0 eng d
035 _a(Sirsi) u2404
041 _aeng
100 _aStafford, F.
245 _aMeeting the challenge
260 _c1995
350 _a0
490 _aArchitects` Journal
_v201(25) 22 June 1995, 43-46(3)
520 _aPart 1 of a review assessing the progress of City Challenge schemes in Barnsley and Hulme, Manchester.
650 _aBARNSLEY
650 _aCITY CHALLENGE
650 _aHULME
650 _aURBAN REGENERATION
690 _aURBAN RENEWAL
942 _n0
948 _c04/03/1997
999 _c1450
_d1450